000 02075cam a22004574i 4500
003 PE-LiUPU
005 20250731173100.0
008 150623s r 000 0 d
020 _a0810830698
035 _a(Sirsi) i9780810830691
040 _aPE-LiUPU
_bspa
_cPE-LiUPU
_erda
049 _aPRUA
082 0 4 _a220.908016
_bG84
_221
100 1 _aGruber, Mayer Irwin,
_eautor.
245 1 0 _aWomen in the biblical world :
_ba study guide /
_cMayer Irwin Gruber.
264 1 _aLanham, MD :
_bThe Scarecrow Press, Inc.,
_c1995.
300 _a271 p, ;
_c22 centímetros
336 _atext
_2rdacontent
337 _aunmediated
_2rdamedia
338 _avolume
_2rdacarrier
490 0 _aATLA Bibliography Series ;
_v38
505 0 _aGeneral works on women in antiquity. -Women in ancient near east: books, articles, and dissertations. -Women in the art and archaeology of the ancient near east: books, articles, and dissertations. -Women and womanhood in hebrew scripture: books, articles, and dissertations. -Women and womanhood in ancient Mesopotamia: books, articles, and dissertations. -Woman and womanhood at Mari. -woman and womanhood among the Hittites. -Woman and womanhood among the Hurrians. -Woman and womanhood at ugarit. -Woman and womanhood in Elam and persia. -Woman and womanhood among the Phoenicians. -Asherah: books, articles, and dissertations.
526 _aSEG42
526 _aSEG41
526 _aSEG40
526 _aSEG39
526 _aP94
526 _aP87
526 _aP86
526 _aP85
526 _aP77
526 _aP76
526 _aP35
650 0 4 _aMujeres en la biblia
_vBibiliografías.
942 _2ddc
_cBOOK
949 _a220.908016 G84
_wDEWEY
_c1
_i48818
_lCCODEBUL1
_mBUL
_r0
_sY
_tBOOK
_u2015-6-24
_xTEOLOGIA
_PP35
_0COMPRA
_o.STAFF. Colección General
994 _aC0
_bPEPRU
596 _a1
999 _a220.908016 G84
_wDEWEY
_c27978
_i48818
_f2021-11-9
_g5
_lCCODEBUL1
_mBUL
_r0
_sY
_tBOOK
_u2015-6-24
_xTEOLOGIA
_PP35
_0COMPRA
_o.STAFF. Colección General
_d27978
980 _81
_gALBERTO SANCHEZ Responsable de Automatización